000 00762nam a2200289Ia 4500
005 20260324120339.0
008 008 260324s9999 xx 000 0 eng d
020 _a9780429171628
037 _aEBOOK
040 _aCRL
040 _beng
040 _cCRL
041 _2eng
041 _aeng
084 _qCRL
100 _aFrances Alston; Emily J. Millikin
_91158203
245 0 _aGuide to Environment Safety and Health Management
245 0 _bDeveloping, Implementing, and Maintaining a Continuous Improvement Program
260 _bTaylor and Francis
260 _c2015
365 _a
365 _b225
856 _uhttp://www.taylorfrancis.com/books/9780429171628
942 _cEBOOK
999 _c1749693
_d1749693